Loading...
| Science - Physics | 0 | 6 | 0 | 1 | 60 | 51 | 88.83 | 0 | 1 | 8.96 | 25.07 |
| Fine Arts - Painting and Sculpture | 0 | 5 | 0 | 0 | 50 | 56 | 85.80 | 0 | 2 | 12.15 | 20.41 |
| Fine Arts - Classical Music | 0 | 5 | 0 | 2 | 50 | 56 | 96.80 | 1 | 1 | 6.91 | 21.46 |
| Science - Biology | 0 | 4 | 0 | 1 | 40 | 56 | 74.00 | 0 | 0 | 11.21 | 16.27 |
| Fine Arts - Other | 0 | 2 | 0 | 0 | 20 | 61 | 73.00 | 0 | 1 | 6.02 | 14.14 |
| Science - Chemistry | 0 | 2 | 1 | 0 | 15 | 49 | 50.50 | 1 | 2 | 8.20 | 17.42 |
| Science - Other | 0 | 2 | 1 | 0 | 15 | 37 | 56.50 | 0 | 1 | 8.96 | 8.33 |
| Popular Culture | 0 | 1 | 0 | 0 | 10 | 56 | 56.00 | 0 | 0 | 9.82 | 15.00 |
| Literature - British | 0 | 1 | 0 | 0 | 10 | 107 | 107.00 | 0 | 0 | 0.56 | 2.73 |
| Mythology | 0 | 1 | 0 | 0 | 10 | 78 | 78.00 | 0 | 0 | 3.08 | 6.36 |
| History - World | 0 | 1 | 0 | 0 | 10 | 81 | 81.00 | 0 | 0 | 2.46 | 4.55 |
| Literature - European | 0 | 0 | 1 | 0 | -5 | 0.00 | 0 | 0 | 0.00 | 0.00 |